[Event "33rd ECCC Open 2017"]
[Site "Antalya"]
[Date "2017.10.12"]
[Round "5"]
[White "Cirdi, Dalya"]
[Black "Lokasto, Mariusz"]
[Result "0-1"]
[WhiteElo "1093"]
[BlackElo "1857"]
[Annotator "NA RC"]
[PlyCount "220"]
[EventType "team-tourn"]
[EventCountry "TUR"]
[SourceTitle "playchess.com"]
[Source "ChessBase"]
[SourceQuality "1"]
[WhiteTeam "Hatay"]
[BlackTeam "Benildus"]
[TimeControl "40/5400+30:1800+30"]

1. d4 {[%emt 0:00:30]} d5 {[%emt 0:01:00]} 2. c4 {[%emt 0:00:30]} c6 {[%emt 0:00:30]} 3. e3 {[%emt 0:00:30]} Nf6 {[%emt 0:00:30]} 4. Nc3 {[%emt 0:00:30]} e6 {[%emt 0:00:30]} 5. a3 {[%emt 0:00:00]} Nbd7 {[%emt 0:01:30]} 6. Bd3 {[%emt 0:03:00] D31: Queen's Gambit Declined: Semi-Slav without ...Nf6 (+ Marshall Gambit and Noteboom) and Exchange Variation lines without ...Nf6} (6. Bd2 Be7 7. Qc2 O-O 8. Nf3 b6 9. Be2 Bb7 10. O-O dxc4 11. Bxc4 Rc8 12. Rfd1 c5 13. Be2 Qc7 {½-½ (62) Stocek,J (2544)-Van Wely,L (2684) Sydney 2013}) 6... dxc4 {[%emt 0:00:30]} 7. Bxc4 {[%emt 0:00:30]} b5 {[%emt 0:00:00]} 8. Bd3 {[%emt 0:00:30]} a6 {[%emt 0:00:00]} 9. Nge2 {[%emt 0:02:30]} Bb7 {[%emt 0:00:30]} 10. O-O {[%emt 0:01:30]} c5 {[%emt 0:01:30]} 11. dxc5 $146 {[%emt 0:06:30]} ({Predecessor:} 11. Nxb5 axb5 12. Bxb5 Qc7 13. Qd3 Bd6 {0-1 (53) Engel,M-Buechle,R (2015) Germany 2003}) 11... Nxc5 {[%emt 0:04:30]} 12. Bc2 {[%emt 0:01:30]} Qb6 {[%emt 0:03:30]} 13. b4 {[%emt 0:04:30]} Qc6 {[%emt 0:13:30]} 14. f3 {[%emt 0:06:30]} Ncd7 $1 {[%emt 0:04:30]} 15. e4 {[%emt 0:05:30]} Be7 {[%emt 0:05:30]} 16. Be3 {[%emt 0:08:30]} O-O {[%emt 0:02:30]} 17. Rc1 {[%emt 0:13:30]} Ne5 {[%emt 0:03:30]} 18. Bb3 {[%emt 0:06:30]} Qe8 {[%emt 0:11:30]} 19. Qc2 {[%emt 0:06:30]} Rc8 {[%emt 0:01:30]} 20. Rfd1 {[%emt 0:01:30]} a5 {[%emt 0:07:30]} 21. bxa5 {[%emt 0:04:30]} Bxa3 {[%emt 0:00:30]} 22. Ra1 {[%emt 0:03:30]} b4 {[%emt 0:13:30]} 23. Ba4 {[%emt 0:02:30]} Qe7 {[%emt 0:02:30]} 24. Qb3 {[%emt 0:01:25]} Nc4 {[%emt 0:01:30]} 25. Nb5 {[%emt 0:06:57]} Nxa5 {[%emt 0:08:24]} 26. Qa2 {[%emt 0:00:24]} Nc4 {[%emt 0:00:13]} 27. Bf2 {[%emt 0:01:22]} Nb2 {[%emt 0:01:20]} 28. Rdb1 {[%emt 0:01:46]} Nxa4 {[%emt 0:01:57]} 29. Nxa3 {[%emt 0:00:45]} bxa3 {[%emt 0:00:30]} 30. Qxa3 {[%emt 0:00:00]} Qxa3 {[%emt 0:02:27]} 31. Rxa3 {[%emt 0:00:01]} Ba6 {[%emt 0:01:49]} 32. Ng3 {[%emt 0:00:49]} Nc3 {[%emt 0:00:56]} 33. Re1 {[%emt 0:04:56]} Rc6 {[%emt 0:02:37]} 34. h3 {[%emt 0:01:34]} Rfc8 {[%emt 0:00:28]} 35. Raa1 {[%emt 0:00:36]} Bb5 {[%emt 0:02:28]} 36. Be3 {[%emt 0:01:27]} h6 {[%emt 0:00:22]} 37. Kh2 {[%emt 0:00:31]} Na4 {[%emt 0:01:22]} 38. Ne2 {[%emt 0:01:43]} Bxe2 {[%emt 0:00:37]} 39. Rxe2 {[%emt 0:01:21]} Nb6 {[%emt 0:00:49]} 40. Rb1 {[%emt 0:00:00]} Na4 {[%emt 0:00:41]} 41. Rbe1 {[%emt 0:02:23]} Rc2 {[%emt 0:03:30]} 42. Kg1 {[%emt 0:00:30]} Rxe2 {[%emt 0:00:30]} 43. Rxe2 {[%emt 0:00:30]} Kf8 {[%emt 0:02:30]} 44. Kf2 {[%emt 0:00:30]} Nc3 {[%emt 0:01:30]} 45. Re1 {[%emt 0:00:30]} Na2 {[%emt 0:02:30]} 46. Kg3 {[%emt 0:00:30]} Nd7 {[%emt 0:01:30]} 47. Rd1 {[%emt 0:00:30]} Ke7 {[%emt 0:00:30]} 48. Rd2 {[%emt 0:00:30]} Nc3 {[%emt 0:01:30]} 49. Kh2 {[%emt 0:00:30]} Nb5 {[%emt 0:01:30]} 50. Rb2 {[%emt 0:01:30]} Nd6 {[%emt 0:00:00]} 51. Rd2 {[%emt 0:00:30]} Rc6 {[%emt 0:01:00]} 52. Bg1 {[%emt 0:01:30]} f6 {[%emt 0:01:22]} 53. Kg3 {[%emt 0:00:30]} e5 {[%emt 0:00:33]} 54. Re2 {[%emt 0:00:30]} Rc3 {[%emt 0:00:33]} 55. Kh2 {[%emt 0:00:30]} Ke6 {[%emt 0:00:32]} 56. Rf2 {[%emt 0:01:30]} h5 {[%emt 0:01:05]} 57. h4 {[%emt 0:00:30]} Nf8 {[%emt 0:00:28]} 58. g3 {[%emt 0:01:30]} Ng6 {[%emt 0:02:38]} 59. Kh3 {[%emt 0:01:30]} Ne7 {[%emt 0:01:41]} 60. Bh2 {[%emt 0:00:30]} Nc6 {[%emt 0:00:25]} 61. Kg2 {[%emt 0:00:30]} Nd4 {[%emt 0:00:09]} 62. Bg1 {[%emt 0:00:30]} Rc2 {[%emt 0:00:23]} 63. Rxc2 {[%emt 0:00:30]} Nxc2 {[%emt 0:00:30]} 64. Kf1 {[%emt 0:00:30]} Nd4 {[%emt 0:00:09]} 65. Kg2 {[%emt 0:00:30]} Nc4 {[%emt 0:00:16]} 66. Kf2 {[%emt 0:00:30]} Nd2 {[%emt 0:00:55]} 67. Ke3 {[%emt 0:00:30]} N2xf3 {[%emt 0:02:17]} 68. Bf2 {[%emt 0:00:30]} Nh2 {[%emt 0:00:16]} 69. Kd3 {[%emt 0:01:30]} Ng4 {[%emt 0:01:50]} 70. Be1 {[%emt 0:01:30]} Kd6 {[%emt 0:01:19]} 71. Bb4+ {[%emt 0:00:30]} Kc6 {[%emt 0:00:00]} 72. Kc4 {[%emt 0:00:30]} g6 {[%emt 0:01:08]} 73. Kd3 {[%emt 0:01:30]} Nf2+ {[%emt 0:01:26]} 74. Ke3 {[%emt 0:01:30]} Nc2+ {[%emt 0:00:27]} 75. Kxf2 {[%emt 0:00:30]} Nxb4 {[%emt 0:00:30]} 76. Ke3 {[%emt 0:00:30]} Nc2+ {[%emt 0:00:22]} 77. Kd3 {[%emt 0:00:30]} Nd4 {[%emt 0:00:10]} 78. Kd2 {[%emt 0:00:30]} Kc5 {[%emt 0:00:39]} 79. Kd3 {[%emt 0:00:00]} Kb4 {[%emt 0:00:27]} 80. Kd2 {[%emt 0:00:00]} Kb3 {[%emt 0:00:00]} 81. Kd3 {[%emt 0:00:30]} Ne6 {[%emt 0:00:11]} 82. Ke3 {[%emt 0:00:30]} Kc3 {[%emt 0:00:16]} 83. Ke2 {[%emt 0:00:30]} Kd4 {[%emt 0:00:30]} 84. Kf3 {[%emt 0:00:30]} Kd3 {[%emt 0:00:22]} 85. Kf2 {[%emt 0:00:00]} Kxe4 {[%emt 0:00:14]} 86. Ke2 {[%emt 0:00:00]} f5 {[%emt 0:00:00]} 87. Kf2 {[%emt 0:00:30]} Nd4 {[%emt 0:00:00]} 88. Kg2 {[%emt 0:00:30]} Ke3 {[%emt 0:00:07]} 89. Kg1 {[%emt 0:01:30]} Kf3 {[%emt 0:00:24]} 90. Kf1 {[%emt 0:00:00]} Kxg3 {[%emt 0:00:48]} 91. Kg1 {[%emt 0:00:00]} Nf3+ {[%emt 0:00:00]} 92. Kf1 {[%emt 0:00:30]} Nxh4 {[%emt 0:00:28]} 93. Ke2 {[%emt 0:00:30]} e4 {[%emt 0:00:28]} 94. Ke3 {[%emt 0:00:00]} g5 {[%emt 0:01:45]} 95. Ke2 {[%emt 0:00:00]} f4 {[%emt 0:00:14]} 96. Kd2 {[%emt 0:00:30]} Kf2 {[%emt 0:00:05]} 97. Kd1 {[%emt 0:00:30]} e3 {[%emt 0:00:30]} 98. Kc2 {[%emt 0:00:00]} e2 {[%emt 0:00:12]} 99. Kd3 {[%emt 0:00:00]} e1=Q {[%emt 0:00:16]} 100. Kc4 {[%emt 0:00:30]} Qd2 {[%emt 0:00:00]} 101. Kc5 {[%emt 0:00:30]} Qd3 {[%emt 0:00:26]} 102. Kb4 {[%emt 0:00:00]} Qc2 {[%emt 0:00:11]} 103. Kb5 {[%emt 0:00:00]} Qc3 {[%emt 0:00:00]} 104. Kb6 {[%emt 0:00:30]} Qc4 {[%emt 0:00:17]} 105. Kb7 {[%emt 0:00:00]} Qc5 {[%emt 0:00:00]} 106. Kb8 {[%emt 0:00:00]} Qe7 {[%emt 0:00:02]} 107. Kc8 {[%emt 0:00:30]} Nf5 {[%emt 0:00:17]} 108. Kb8 {[%emt 0:00:00]} Qd7 {[%emt 0:00:48]} 109. Ka8 {[%emt 0:00:00]} Nd6 {[%emt 0:00:16]} 110. Kb8 {[%emt 0:00:30]} Qb7# {[%emt 0:00:00]} 0-1